000 01133nam a22002297a 4500
005 20250902095121.0
008 250902s2025 xxk|||||ol|||o00| 0 eng d
041 _aeng
110 _aSenedd Cymru
245 _aBuilding Safety (Wales) Bill
260 _c2025
520 _aThree years after the introduction of the English Building Safety Act (BSA), the Building Safety (Wales) Bill imposes similar duties to those in England but seeks to apply them to a much wider group of building owners. Duties apply to all buildings that contain two or more residential dwellings, not just those who own or manage higher risk buildings over 18m or seven stories.
650 _aBUILDING CONTROL
650 _aBUILDNG SAFETY (WALES) BILL
650 _aFIRE SAFETY
650 _aACCOUNTABLE PERSONS
651 _aWales
690 _aBuilding control
_96222
856 _uhttps://research.senedd.wales/research-articles/building-safety-wales-bill-resource-page/
_zSenedd Bill resource page
856 _uhttps://devonshires.foleon.com/reports/examining-the-building-safety-wales-bill/
_zCommentary by Devonshires
942 _n0
999 _c122208
_d122208